000 00284nam a22001337a 4500
003 SGT
082 _a614.1
_bT18C
100 _aCHAUHAN, HARSH
245 _aTHE STUDY OF NECK STRUCTURES BY
260 _aSGTU
_c2018
300 _a70
650 _aFORENSIC MEDICINE
942 _2ddc
_cTH
999 _c20560
_d20560